Brightest Stars by Constellation - Statistics

General Stats
  • This quiz has been taken 328 times
  • The average score is 36 of 88
Answer Stats
Constellation Magnitude Star % Correct
Canis Major -1.46 Sirius
89%
Orion 0.13 Rigel
87%
Boötes -0.05 Arcturus
85%
Lyra -0.02 - 0.07 Vega
84%
Cygnus 1.21 - 1.29 Deneb
83%
Gemini 1.14 Pollux
83%
Leo 1.40 Regulus
81%
Canis Minor 0.34 Procyon
80%
Auriga 0.08 Capella
79%
Taurus 0.75 - 0.95 Aldebaran
77%
Centaurus -0.27 Rigil Kentaurus
77%
Scorpius 0.60 - 1.60 Antares
75%
Crux 0.76 Acrux
74%
Aquila 0.77 Altair
74%
Carina -0.74 Canopus
74%
Ursa Minor 1.98 Polaris
73%
Virgo 0.97 - 1.04 Spica
68%
Eridanus 0.40 - 0.46 Achernar
63%
Andromeda 2.07 Alpheratz
61%
Aries 2.00 Hamal
57%
Piscis Austrinis 1.16 Fomalhaut
55%
Ursa Major 1.77 Alioth
52%
Hydra 2.00 Alphard
48%
Perseus 1.81 Mirfak
48%
Aquarius 2.90 Sadalsuud
47%
Corona Borealis 2.21 - 2.32 Alphecca
45%
Pavo 1.94 Peacock
45%
Sagittarius 1.85 Kaus Australis
44%
Canes Venatici 2.81 Cor Caroli
43%
Grus 1.74 Alnair
41%
Cetus 2.02 Deneb Kaitos
41%
Cepheus 2.51 Alderamin
39%
Antlia 4.22 - 4.29 α Antliae
38%
Pegasus 2.40 Enif
38%
Ophiuchus 2.07 Rasalhague
38%
Cassiopeia 2.24 Schedar
38%
Capricornus 2.81 Deneb Algedi
37%
Puppis 2.25 Naos
36%
Columba 2.64 Phact
36%
Vela 1.81 - 1.87 Regor
36%
Delphinus 3.60 - 3.63 Rotanev
35%
Cancer 3.50 - 3.58 Tarf
35%
Caelum 4.45 α Caeli
34%
Corvus 2.59 γ Corvi
34%
Mensa 5.09 α Mensae
34%
Lepus 2.59 Arneb
33%
Circinus 3.18 - 3.21 α Circini
33%
Lacerta 3.78 α Lacertae
32%
Lupus 2.29 - 2.34 α Lupi
32%
Libra 2.61 Zubeneschamali
32%
Apus 3.83 α Apodis
31%
Triangulum Australe 1.91 Atria
31%
Fornax 3.85 Dalim
31%
Musca 2.69 α Muscae
31%
Camelopardalis 4.02 β Camelopardalis
30%
Scutum 3.83 α Scuti
30%
Phoenix 2.38 Ankaa
29%
Ara 2.84 β Arae
29%
Horologium 3.85 α Horologii
29%
Equuleus 3.92 Kitalpha
29%
Hercules 2.81 Kornephoros
29%
Pictor 3.27 α Pictoris
29%
Norma 4.02 γ2 Normae
28%
Vulpecula 4.40 Anser
28%
Reticulum 3.32 α Reticuli
28%
Coma Berenices 4.26 β Comae Berenices
27%
Dorado 3.26 - 3.30 α Doradus
27%
Draco 2.23 Etamin
27%
Hydrus 2.80 β Hydri
27%
Microscopium 4.68 γ Microscopii
27%
Sculptor 4.30 α Sculptoris
26%
Telescopium 3.51 α Telescopii
26%
Tucana 2.86 α Tucanae
26%
Chamaeleon 4.06 α Chamaeleontis
25%
Monoceros 4.60 β Monocerotis
25%
Sextans 4.49 α Sextantis
24%
Pisces 3.62 Alpherg
23%
Pyxis 3.67 α Pyxidis
23%
Sagitta 3.47 γ Sagittae
23%
Indus 3.11 The Persian
23%
Serpens 2.62 Unukalhai
23%
Corona Australis 4.10 Alphekka Meridiana
20%
Crater 3.56 𝛿 Crateris
20%
Leo Minor 3.79 - 3.84 Praecipua
20%
Triangulum 3.00 β Trianguli
20%
Lynx 3.14 Elvashak
9%
Octans 3.73 ν Octantis
8%
Volans 3.77 β Volantis
2%
No matching quizzes found
Score Distribution
Percent of People with Each Score
Percentile by Number Answered
Your Score History
You have not taken this quiz